[Event "Bad Griesbach Seniors op 23rd"]
[Site "Bad Griesbach"]
[Date "2021.11.20"]
[Round "7"]
[White "Mehlhorn, Dieter"]
[Black "Langer, Dagobert"]
[Result "0-1"]
[WhiteElo "1782"]
[BlackElo "1658"]
[PlyCount "106"]
[EventDate "2021.11.14"]
[EventType "swiss"]
[EventRounds "7"]
[EventCountry "GER"]
[SourceTitle "EXT 2024"]
[Source "ChessBase"]
[SourceDate "2023.10.10"]
[SourceVersion "1"]
[SourceVersionDate "2023.10.10"]
[SourceQuality "1"]

1. d4 Nf6 2. Nf3 g6 3. e3 Bg7 4. Nbd2 d5 5. Be2 0-0 6. 0-0 Nbd7 7. b3 Re8 8. Bb2 b6 9. Rc1 Bb7 10. c4 Ne4 11. Qc2 Rc8 12. cxd5 Nxd2 13. Nxd2 Bxd5 14. Ba6 Ra8 15. Qxc7 Nb8 16. Bb5 Rf8 17. Ba3 Bf6 18. e4 a6 19. Be2 Qxc7 20. Rxc7 Be6 21. e5 Bg5 22. f4 Bh6 23. Bf3 Nd7 24. Bxa8 Rxa8 25. Bxe7 Bf5 26. g3 b5 27. Rfc1 Nb6 28. Bf6 Bf8 29. Nf3 h6 30. Kf2 Nd5 31. Rc8 Bxc8 32. Nd2 Bb7 33. Nf1 Nxf6 34. exf6 Rd8 35. Rc7 Bd5 36. g4 g5 37. f5 Rd6 38. Ke3 Rxf6 39. Rd7 Bc6 40. Rd8 Kg7 41. d5 Bb7 42. Kd4 Rd6 43. Rxd6 Bxd6 44. h3 Kf6 45. Nd2 Ke7 46. Ne4 f6 47. Nd2 Kd7 48. Ne4 Ke7 49. Nd2 Bc8 50. Nf3 Kd7 51. Ke4 Bc5 52. h4 Kd6 53. hxg5 hxg5 0-1

[Event "Bad Griesbach Seniors op 23rd"]
[Site "Bad Griesbach"]
[Date "2021.11.16"]
[Round "3"]
[White "Langer, Dagobert"]
[Black "Stummeyer, Dieter"]
[Result "0-1"]
[WhiteElo "1658"]
[BlackElo "1788"]
[PlyCount "120"]
[EventDate "2021.11.14"]
[EventType "swiss"]
[EventRounds "7"]
[EventCountry "GER"]
[SourceTitle "EXT 2024"]
[Source "ChessBase"]
[SourceDate "2023.10.10"]
[SourceVersion "1"]
[SourceVersionDate "2023.10.10"]
[SourceQuality "1"]

1. d4 Nf6 2. Bf4 d5 3. e3 a6 4. Bd3 Nbd7 5. Nf3 c5 6. c3 e6 7. Nbd2 Be7 8. a4 b6 9. 0-0 Bb7 10. Ne5 0-0 11. Ndf3 Ne4 12. Nxd7 Qxd7 13. Ne5 Qd8 14. Qg4 f5 15. Qe2 g5 16. f3 gxf4 17. fxe4 fxe4 18. Bc2 cxd4 19. Qg4+ Kh8 20. Qxe6 Qe8 21. exd4 Bh4 22. Qg4 Qe7 23. Rxf4 Rxf4 24. Qxf4 Rf8 25. Qg4 Bc8 26. Qh5 Bf2+ 27. Kh1 Kg8 28. Rf1 Be6 29. Bd1 Rf5 30. Qg4+ Rg5 31. Qe2 e3 32. Rxf2 exf2 33. Qxf2 Bd7 34. Bb3 Be6 35. h3 Rf5 36. Qg3+ Kh8 37. Kg1 Qf6 38. Nf3 Bf7 39. Qb8+ Kg7 40. Qg3+ Kh6 41. Bc2 Rf4 42. Qe1 Bg6 43. Bb3 Be4 44. Bd1 Qg6 45. Qe3 Qg3 46. Qf2 Qxf2+ 47. Kxf2 Rf6 48. g4 Kg6 49. Kg3 h6 50. h4 a5 51. Ne5+ Kg7 52. Bf3 b5 53. axb5 Bxf3 54. Nxf3 Rb6 55. Nd2 Rxb5 56. b3 Rb6 57. Kf4 Re6 58. Kf5 Re2 59. Nf3 Re3 60. Kf4 Rxc3 0-1